Lenguaje de programación BASIC /

Guardado en:
Autor Principal: Murrill, Paul W.
Otros Autores: Smith, Cecil L.
Formato: Libro
Idioma:Spanish
English
Publicado: México : Representaciones y Servicios de Ingeniería, 1972.
Etiquetas: Agregar Etiqueta
Sin Etiquetas, Sea el primero en etiquetar este registro!
LEADER 00705nam a22001695a 4500
001 MAT.inmabb002282
008 040311s1972####mx#a##########001#0#spa#d
005 20160427160155.0
245 1 0 |a Lenguaje de programación BASIC /  |c Paul W. Murrill y Cecil L. Smith ; [versión española de Miguel Ochoa Torres ; revisión de Rodolfo Luthe García]. 
260 |a México :  |b Representaciones y Servicios de Ingeniería,  |c 1972. 
300 |a ix, 164 p. :  |b il. ;  |c 27 cm. 
500 |a Traducción de: BASIC programming. Scranton, Pa. : Intext Educational Publishers, c1971. 
100 1 |a Murrill, Paul W. 
700 1 |a Smith, Cecil L. 
084 |a 68N15  |2 msc2000 
041 1 |a spa  |h eng 
859 |h 68  |i M984b  |p A-3948  |b BIB. MATEMATICA